000 00315nam a2200133Ia 4500
005 20260328101527.0
008 260328s9999||||xx |||||||||||||| ||und||
100 _aKahn, Lloyd
245 0 _aTiny Homes :
_b Simple shelters /
_cLloyd Kahn
260 _bShelter
300 _a214 p.
650 _aVIVIENDA
942 _cBK
999 _c9833
_d9833